000 00496nam a22001937a 4500
005 20230614134206.0
008 230614b |||||||| |||| 00| 0 eng d
020 _a9788131227046
082 _a612
_bHAL-G
100 _aHall;John.E
245 _aGuyton and Hall: Textbook of Medical Physiology
_bHall;John.E
250 _a12th ed.
260 _aIndia
_bElsevier
_c2011
300 _a1091
500 _aInclude Index
650 _aMedical
_aPhysiology
700 _aHall;John.E
999 _c18753
_d18753